Showbiz by Muse lyrics - Statistics

General Stats
  • This quiz has been taken 31 times
  • The average score is 130 of 167
Answer Stats
Answer % Correct
you
100%
your
94%
Controlling
88%
feelings
88%
for
88%
long
88%
make
88%
Make
88%
me
88%
my
88%
self
88%
to
88%
too
88%
darkest
82%
destruction
82%
into
82%
Pushing
82%
pushing
82%
They
82%
unfold
82%
us
82%
And
76%
dream
76%
Forcing
76%
forcing
76%
our
76%
scream
76%
souls
76%
dreams
71%
screams
71%
Trying
53%
please
47%
greed
24%
of
24%
Rhythms
24%
Visions
18%
wallow
18%
pusing
12%
No matching quizzes found
Score Distribution
Percent of People with Each Score
Percentile by Number Answered
Your Score History
You have not taken this quiz